000 002460000a22000970004500
100 1 _aPower, Grant
245 1 0 _aLet the people lead : Lessons learned in African cities
300 _aNúm 56 (1997), Páginas 1-4
773 0 _tTogether
942 _cANA
999 _c57140
_d57140